Movies Quiz

Random Movies or Actress Quiz

Cast of Star Trek Beyond (Clickable) Quiz Stats

 Plays Quiz not verified by Sporcle

Challenge
Share
Tweet
Embed
Score 0/13 Timer 05:00
0 Plays Today
% Correct
Chris Pine
95.4%
Anton Yelchin
92.8%
Zachary Quinto
86.2%
Zoe Saldana
85.6%
Simon Pegg
84.8%
John Cho
84.5%
Karl Urban
83.3%
Idris Elba
76.7%
Sofia Boutella
60.9%
Deep Roy
54.9%
Lydia Wilson
45.4%
Harpreet Sandhu
42.2%
Joe Taslim
40.5%

You're not logged in!

Compare scores with friends on all Sporcle quizzes.
Join for Free
OR
Log In

You Might Also Like...

Show Comments

Extras

Top Quizzes Today


Score Distribution

Your Account Isn't Verified!

In order to create a playlist on Sporcle, you need to verify the email address you used during registration. Go to your Sporcle Settings to finish the process.

Report this User

Report this user for behavior that violates our Community Guidelines.

Details: